Labor-management relations

Bibliographic Details
Main Author: Mills, Daneil Quinn
Format: Book
Published: New York : McGraw-Hill,Inc. , 1994
Edition:Fifth edition
Subjects:

MARC

LEADER 00000cam a2200000 7i4500
001 0000002426
002 000002643
005 20000330.0
020 |a 0070425124 
090 0 0 |a 331.0973   |b MIL 
100 1 |a Mills, Daneil Quinn 
245 1 0 |a Labor-management relations   |c Daniel Quinn Mills 
250 |a Fifth edition 
260 |a New York :   |b McGraw-Hill,Inc. ,   |c 1994 
300 |a 690p. :   |b ill ;   |c 24cm. 
650 0 0 |a Industrial relations 
650 0 0 |a Industrial relations   |z United States 
999 |a 036110   |b BUKU   |c PINJAMAN   |e PERPUSTAKAAN KOMUNITI PETALING JAYA